00453nam a2200145Ia 4500008004100000041000900041082001800050100003100068245003100099260004800130300000900178650000800187999001700195952009500212230718s9999 xx 000 0 und d aEng. a345.54bMR.-T aMr. Muhammad Anwar Khokhar 4aThe Supreme Monthly Review aPakistanbAll Pakistan legal decisionc2012 a2014 aLaw c30141d30141 00104070aSIRC-LbSIRC-Ld2023-07-18l0o345.54 MR.-Tp25092r2023-07-18w2023-07-18yBK